000 00622nam a2200181Ia 4500
008 100921s9999 xx 000 0 und d
082 _b12468
_a891.463 थ 76
100 _aधारप नारायण.
245 _aसमर्थांची स्मरणी.
260 _bश्रीविशाखा प्रकाशन,पुणे.
_c1976
300 _a118
_b---
365 _b8
520 _aललित-कथा.
630 _aसमर्थांची स्मरणी.
650 _aललित-कथा.
730 _aसमर्थांची स्मरणी.
942 _cBOOK
999 _c761581
_d761578